|
|
|
|
| LEADER |
00000nab a2200000 a 4500 |
| 001 |
vtls008704393 |
| 003 |
SK-MaSNL |
| 005 |
20260304213156.0 |
| 008 |
140228 1954 xo p 000 0 slo |
| 015 |
|
|
|a SNBRRBDKK190120XX
|
| 040 |
|
|
|a SNKBUDKK
|b slo
|c SNKBUDKK
|e AACR2
|
| 041 |
0 |
|
|a slo
|
| 044 |
|
|
|a xo
|c SK
|
| 080 |
|
|
|a 027
|2 1997
|
| 080 |
|
|
|a 374.7
|2 1997
|
| 100 |
1 |
|
|a Hámor, Alexander
|4 aut
|9 1132861
|
| 245 |
1 |
0 |
|a Gramorádio v službách osvetovej izby
|c Alexander Hámor
|
| 500 |
|
|
|a Rubrika: Z našich knižníc
|
| 520 |
2 |
|
|a Správa o zriadení osvetovej izby (obec sa neuvádza) a o aktivitách v nej za spoluúčasti miestnej ľudovej knižnice
|
| 650 |
0 |
7 |
|a ľudové knižnice
|2 SNKPH
|9 256791
|
| 650 |
0 |
7 |
|a osveta
|2 SNKPH
|9 16992
|
| 650 |
0 |
7 |
|a osvetove izby
|2 SNK
|9 1545809
|
| 655 |
|
7 |
|a správy
|2 SNKPH
|9 70563
|
| 773 |
0 |
|
|t Čitateľ : mesačník pre prácu s čitateľmi
|g Roč. 3, č. 2 (1954), s. 72
|
| 850 |
|
|
|a Slovenská národná knižnica v Martine
|
| 852 |
|
|
|a SNK
|b KIS3GCP
|
| 856 |
4 |
1 |
|u http://www.viks.sk/dkk/citatel1954_72a.doc
|y plný text
|
| 910 |
|
|
|a bdkk
|
| 999 |
|
|
|c 3134921
|d 3136851
|